[Event "DEN-ch sf2"]
[Site "Svendborg"]
[Date "2024.03.29"]
[Round "5"]
[White "Haarh, Simon Bjork"]
[Black "Ostergreen Johansen, Benjamin"]
[Result "0-1"]
[WhiteElo "2003"]
[BlackElo "1981"]
[PlyCount "76"]
[EventDate "2024.03.29"]
[EventType "swiss"]
[EventRounds "7"]
[EventCountry "DEN"]
[SourceTitle "CB16_2024"]
[SourceDate "2024.04.17"]
[SourceVersion "1"]
[SourceVersionDate "2024.04.17"]
[SourceQuality "1"]

1. e4 e5 2. Nf3 Nc6 3. Bb5 Nge7 4. 0-0 Ng6 5. d4 Nxd4 6. Nxd4 exd4 7. Qxd4 c6 8. Bd3 Qb6 9. Qc3 Bd6 10. Qxg7 Be5 11. Qh6 d6 12. Na3 Bxb2 13. Bxb2 Qxb2 14. Nc4 Qf6 15. e5 dxe5 16. Nxe5 Be6 17. Nf3 0-0-0 18. Qe3 Bd5 19. Qg5 Qxg5 20. Nxg5 Nf4 21. Bf5+ Kb8 22. Ne4 Rhg8 23. Ng3 h5 24. f3 h4 25. Kf2 hxg3+ 26. hxg3 Ne6 27. g4 Bc4 28. Rfd1 Kc7 29. g3 Rxd1 30. Rxd1 Bxa2 31. Ra1 Bc4 32. Ke3 a6 33. Rh1 Kd6 34. f4 a5 35. g5 a4 36. Rd1+ Ke7 37. g4 a3 38. Ra1 a2 0-1

[Event "DEN-ch sf2"]
[Site "Svendborg"]
[Date "2024.03.29"]
[Round "6"]
[White "Paludan, Noah"]
[Black "Ostergreen Johansen, Benjamin"]
[Result "1/2-1/2"]
[WhiteElo "1922"]
[BlackElo "1981"]
[PlyCount "62"]
[EventDate "2024.03.29"]
[EventType "swiss"]
[EventRounds "7"]
[EventCountry "DEN"]
[SourceTitle "CB16_2024"]
[SourceDate "2024.04.17"]
[SourceVersion "1"]
[SourceVersionDate "2024.04.17"]
[SourceQuality "1"]

1. e4 e5 2. Nf3 Nc6 3. Bc4 Bc5 4. b4 Bxb4 5. c3 Ba5 6. d4 d6 7. Qb3 Qd7 8. 0-0 Bb6 9. Nbd2 Na5 10. Qc2 Nxc4 11. Nxc4 Qc6 12. Nxb6 axb6 13. dxe5 Ne7 14. exd6 cxd6 15. Nd4 Qc4 16. Bf4 d5 17. Bd6 Nc6 18. Rfd1 dxe4 19. Qxe4+ Be6 20. Qh4 f6 21. Qh5+ g6 22. Qf3 Kf7 23. Nxe6 Qxe6 24. Bc7 Rhe8 25. h3 Rxa2 26. Rxa2 Qxa2 27. Rd7+ Re7 28. Rxe7+ Nxe7 29. Qxb7 Qa1+ 30. Kh2 Qxc3 31. Bd6 Qe1 1/2-1/2

[Event "DEN-chT 2324 61st"]
[Site "Denmark"]
[Date "2024.01.28"]
[Round "6.8"]
[White "Thuesen, Mogens Henrik"]
[Black "Ostergreen Johansen, Benjamin"]
[Result "1-0"]
[WhiteElo "2095"]
[BlackElo "1972"]
[PlyCount "57"]
[EventDate "2023.10.28"]
[EventType "team-tourn"]
[EventRounds "9"]
[EventCountry "DEN"]
[SourceTitle "CB11_2024"]
[SourceDate "2024.03.13"]
[SourceVersion "1"]
[SourceVersionDate "2024.03.13"]
[SourceQuality "1"]
[WhiteTeam "Bronshoj"]
[BlackTeam "Frem"]
[WhiteTeamCountry "DEN"]
[BlackTeamCountry "DEN"]

1. d4 d5 2. c4 e6 3. Nc3 c5 4. cxd5 exd5 5. Nf3 Nf6 6. g3 Nc6 7. Bg2 cxd4 8. Nxd4 Bc5 9. Nb3 Bb6 10. Nxd5 Be6 11. e4 Bg4 12. Qd2 Nxd5 13. Qxd5 Qxd5 14. exd5 Nb4 15. 0-0 0-0 16. Bd2 Nd3 17. Be3 Be2 18. Bxb6 axb6 19. Rfb1 Nb4 20. Nd4 Bc4 21. a3 Na6 22. Rc1 Bd3 23. Rc3 Bg6 24. Rb3 Nc5 25. Rxb6 Ra4 26. b4 Rfa8 27. bxc5 Rxd4 28. Rxb7 h6 29. h4 1-0

[Event "DEN-chT 2324 61st"]
[Site "Denmark"]
[Date "2023.10.29"]
[Round "2.8"]
[White "Ostergreen Johansen, Benjamin"]
[Black "Hagen, Kresten Skytte"]
[Result "1/2-1/2"]
[WhiteElo "1972"]
[BlackElo "2139"]
[PlyCount "80"]
[EventDate "2023.10.28"]
[EventType "team-tourn"]
[EventRounds "9"]
[EventCountry "DEN"]
[SourceTitle "Mega2024 Update 01"]
[Source "Chessbase"]
[SourceDate "2023.11.12"]
[SourceVersion "1"]
[SourceVersionDate "2023.11.12"]
[SourceQuality "1"]
[WhiteTeam "Frem"]
[BlackTeam "Aarhus/Skolerne"]
[WhiteTeamCountry "DEN"]
[BlackTeamCountry "DEN"]

1. e4 e6 2. d4 d5 3. exd5 exd5 4. Nf3 Bd6 5. c4 c6 6. Nc3 Ne7 7. Bg5 f6 8. Bh4 Be6 9. c5 Bc7 10. Bg3 0-0 11. Bd3 Nd7 12. Qc2 g6 13. 0-0 Bf7 14. Rae1 Re8 15. Re2 Bxg3 16. hxg3 Kg7 17. Rfe1 Ng8 18. Nh4 Rxe2 19. Qxe2 Nf8 20. f4 Qd7 21. Qf2 Nh6 22. f5 g5 23. Nf3 Ng4 24. Qd2 h6 25. Nh2 Nxh2 26. Kxh2 h5 27. Re3 Re8 28. Ne2 Kh6 29. Ng1 Rxe3 30. Qxe3 Bg8 31. g4 hxg4 32. Qg3 Kg7 33. Qxg4 Qe7 34. Ne2 Qe3 35. Qg3 Qd2 36. b3 Bf7 37. a4 Qb4 38. Bc2 Qd2 39. Qd3 Qe1 40. Ng3 a6 1/2-1/2

[Event "DEN-ch G7 Gr1"]
[Site "Svendborg"]
[Date "2023.04.05"]
[Round "3"]
[White "Ostergreen Johansen, Benjamin"]
[Black "Haarh, Simon Bjork"]
[Result "1/2-1/2"]
[WhiteElo "1962"]
[BlackElo "1945"]
[PlyCount "62"]
[EventDate "2023.04.05"]
[EventType "swiss"]
[EventRounds "7"]
[EventCountry "DEN"]
[SourceTitle "CBM 213 Extra"]
[Source "ChessBase"]
[SourceDate "2023.05.31"]
[SourceVersion "1"]
[SourceVersionDate "2023.05.31"]
[SourceQuality "1"]

1. e4 c5 2. Nf3 d6 3. d4 cxd4 4. Nxd4 Nf6 5. Nc3 a6 6. Be3 e5 7. Nf3 Be7 8. Bc4 0-0 9. 0-0 Bg4 10. Re1 Nbd7 11. Bg5 Rc8 12. Bb3 b5 13. Qe2 b4 14. Bxf6 Nxf6 15. Nd5 Nxd5 16. Bxd5 Qb6 17. Bb3 a5 18. Qd3 Kh8 19. Nd2 f5 20. Nc4 Qc5 21. Ne3 fxe4 22. Qxe4 Bh5 23. Qd5 Qa7 24. a3 Bf7 25. Qd3 bxa3 26. Rxa3 d5 27. Raa1 Bc5 28. Bxd5 Bxe3 29. fxe3 Bg6 30. Qd2 Rxc2 31. Qxa5 Qxa5 1/2-1/2